000 00571nam a2200217 i 4500
001 bg
100 1 _aANDRUKIEWICZ, Elżbieta
245 1 0 _aWordPerfect 5.1 /
_cElżbieta Andrukiewicz.
250 _aWyd.2.
260 _aWarszawa :
_bWydaw. Komunikacji i Łączności,
_c1991.
300 _a214 s. :
_brys. ;
_c24 cm.
630 0 9 _aWord Perfect
655 _aPodręczniki
020 _a8320610087
040 _cBPK
041 _apol
080 _a655.1/.3:681.322.06](07)
920 _a83-206-1008-7
942 _cKS
008 s pl f |000 0 pol
999 _c24629
_d24629
856 _uhttp://koha.tu.koszalin.pl/cgi-bin/koha/opac-detail.pl?biblionumber=24629
_yKatalog online BPK